00555nam a22001937a 450000500170000001000130001702000110003003500130004103700160005404000120007008200130008210000220009524500550011726000360017227000840020830000310029265000140032365000240033720170124110137.0 aB-059423 c200.00 aB-059423 bCen Lib/Ret aDPLbEN a687bRAS aRastogi, Sangeeta aDress designing & stitching /cby Sangeeta Rastogi bSunshine Booksc2001aNew Delhi a1075/1-2 No.1, 1st Floor, Old Post Office Building, MehraulibNew Delhie110030 axi,132p. :c20cm(Hb)bill. aTailoring aDrafting of dresses